تحميل...
Environmental, socio-Economic, and health impacts of artisanal and small scale mining-Inter. conference 2012-Indonesia-Abstracts
| المؤلف الرئيسي: | |
|---|---|
| التنسيق: | Printed Book |
| اللغة: | Undetermined |
| منشور في: |
2012
|
| LEADER | 00552nam a2200157Ia 4500 | ||
|---|---|---|---|
| 008 | 141004s9999 xx 000 0 und d | ||
| 040 | |c a | ||
| 041 | |a English | ||
| 082 | |a Proceedings | ||
| 100 | |a ESHI-ASM | ||
| 245 | |a Environmental, socio-Economic, and health impacts of artisanal and small scale mining-Inter. conference 2012-Indonesia-Abstracts | ||
| 245 | |c ESHI-ASM | ||
| 260 | |c 2012 | ||
| 942 | |c BK | ||
| 999 | |c 175088 |d 175088 | ||
| 952 | |0 0 |1 0 |4 0 |6 PROCEEDINGS |7 0 |8 ENV |9 180047 |a KAUCOF |b KAUCOF |o Proceedings |p KAU_COF-G-203 |r 2014-10-04 |w 2014-10-04 |y BK | ||